Marketing cieľového miesta cestovného ruchu

Cestovný ruch vyžaduje využívanie marketingu nielen na úrovni podnikov, ale aj na úrovni cieľového miesta cestovného ruchu. Marketingová koncepcia cieľového miesta cestovného ruchu - jej súčasťou je marketingová stratégia a marketingový mix.

Salvato in:
Dettagli Bibliografici
Autore principale: Kiráľová, A.
Natura: Capitolo di libro
Lingua:slovacco
Soggetti:
Tags: Aggiungi Tag
Nessun Tag, puoi essere il primo ad aggiungerne!!

MARC

LEADER 00000naa a2200000 4500
001 r017943
005 20221205101610.0
041 0 |a slo 
044 |a SK 
245 1 0 |a Marketing cieľového miesta cestovného ruchu  |c A. Kiráľová 
520 |a Cestovný ruch vyžaduje využívanie marketingu nielen na úrovni podnikov, ale aj na úrovni cieľového miesta cestovného ruchu. Marketingová koncepcia cieľového miesta cestovného ruchu - jej súčasťou je marketingová stratégia a marketingový mix. 
610 2 0 |a ruch cestovný 
610 2 0 |a marketing 
610 2 0 |a koncepcie 
610 2 0 |a Slovensko 
610 2 0 |a ponuka 
610 2 0 |a stratégia marketingová 
610 2 0 |a marketing mix 
100 1 |a Kiráľová, A.